Normal view
MARC view
- Basha, Fatima Z.
Entry Personal Name
001 - CONTROL NUMBER
- control field: 24467
003 - CONTROL NUMBER IDENTIFIER
- control field: NUST
005 - DATE AND TIME OF LATEST TRANSACTION
- control field: 20191021123441.0
008 - FIXED-LENGTH DATA ELEMENTS
- fixed length control field: 191021|| aca||aabn | a|a d
040 ## - CATALOGING SOURCE
- Original cataloging agency: NUST
- Transcribing agency: NUST
100 ## - HEADING--PERSONAL NAME
- Personal name: Basha, Fatima Z.
670 ## - SOURCE DATA FOUND
- Source citation: Work cat.: (NUST): Basha, Fatima Z., New Natural Products:, 2012.
